Faculty of Law Library — Cairo University

Official Online Catalog

Rôle Des Sociétés Transnationales Dans Le Commerce Des Articles Manufacturés Et Semi-finis Des Pays En Développement : (Record no. 69773)

MARC details
000 -LEADER
fixed length control field 01003nam a2200253 i 4500
003 - CONTROL NUMBER IDENTIFIER
control field EG-GICUC
005 - DATE AND TIME OF LATEST TRANSACTION
control field 20260416120158.0
008 - FIXED-LENGTH DATA ELEMENTS--GENERAL INFORMATION
fixed length control field 260408s1976 fr ||||| |||y 000 0 fre d
040 ## - CATALOGING SOURCE
Original cataloging agency EG-GiCUC
Language of cataloging fre
Transcribing agency EG-GiCUC
Modifying agency EG-GiCUC
Description conventions Rda
082 04 - DEWEY DECIMAL CLASSIFICATION NUMBER
Edition number 21
Classification number 341.7505
Item number C O . R
092 04 - LOCALLY ASSIGNED DEWEY CALL NUMBER (OCLC)
Edition number 21
099 ## - LOCAL FREE-TEXT CALL NUMBER (OCLC)
Classification number Law`1 12 341.7505 C O . R 1976
111 #2 - MAIN ENTRY--MEETING NAME
Meeting name or jurisdiction name as entry element Conférence Des Nations Unies Sue In Commerce Et Le Développement
Location of meeting Nairobi
Date of meeting or treaty signing 1976
Number of part/section/meeting (Point 9 - Document Complémentaire)
Relator term Auteur
245 10 - TITLE STATEMENT
Title Rôle Des Sociétés Transnationales Dans Le Commerce Des Articles Manufacturés Et Semi-finis Des Pays En Développement :
Remainder of title (Point 9 - Document Complémentaire) /
300 ## - PHYSICAL DESCRIPTION
Extent page :
Dimensions 24 cm.
336 ## - CONTENT TYPE
Source rda contenu
Content type term texte
337 ## - MEDIA TYPE
Source rda medias
Media type term Ordinateur
338 ## - CARRIER TYPE
Source transporteur rda
Carrier type term Ressource en ligne
546 ## - LANGUAGE NOTE
Language note Texte en français
650 14 - SUBJECT ADDED ENTRY--TOPICAL TERM
Topical term or geographic name entry element Droit international public
856 40 - ELECTRONIC LOCATION AND ACCESS
Uniform Resource Identifier <a href="https://fll.law.cu.edu.eg/fulltext/bks/B12-02813.pdf">https://fll.law.cu.edu.eg/fulltext/bks/B12-02813.pdf</a>
905 ## - Cataloger and Reviser Names
Cataloger Name: Farah
942 ## - ADDED ENTRY ELEMENTS (KOHA)
Source of classification or shelving scheme Dewey Decimal Classification
Koha item type Conference proceedings
Edition 21
Suppress in OPAC No
Holdings
Withdrawn status Lost status Source of classification or shelving scheme Damaged status Not for loan Collection Home library Current library Date acquired Total checkouts Full call number Barcode Date last seen Copy number Price effective from Koha item type
    Dewey Decimal Classification   Not for loan القانون الدولي العام جــــامعة القــاهرة مكتبة كلية الحقوق - المبنى الرئيسي 08.04.2026   Law`1 12 341.7505 C O . R 1976 1202813 C1 B12-02813 08.04.2026 1 08.04.2026 Conference proceedings

© All rights reserved — Faculty of Law, Cairo University